| 000 | 00429nam a2200181Ia 4500 | ||
|---|---|---|---|
| 001 | 19707 | ||
| 005 | 20260306172712.0 | ||
| 008 | 260306t2000||||xx |||||||||||||| ||spa|| | ||
| 041 | _aESP | ||
| 082 |
_a341 _bH65 |
||
| 100 |
_aHoerster, Norbert _eAUT |
||
| 245 | 0 | _aEn defensa del positivismo jurídico | |
| 260 | _c2000 | ||
| 300 |
_a230 páginas : _c19 cm. |
||
| 650 | _aGEN | ||
| 654 | _aCDE | ||
| 942 |
_cLIB _dJUS _fJUS _2ddc _n |
||
| 999 |
_c19707 _d19707 |
||